[Event "GER GM05-B email"]
[Site "GER email"]
[Date "2016.06.26"]
[Round "?"]
[White "Dosi, Alberto"]
[Black "Siikaluoma, Auno"]
[Result "1/2-1/2"]
[WhiteElo "2537"]
[BlackElo "2534"]
[PlyCount "99"]
[EventDate "2016.??.??"]
[EventType "tourn (corr)"]
[EventRounds "13"]
[EventCountry "GER"]
[SourceTitle "Corr 2020"]
[Source "ChessBase"]
[SourceDate "2019.09.30"]
[SourceVersion "1"]
[SourceVersionDate "2019.09.30"]
[SourceQuality "1"]

1. d4 d5 2. c4 c6 3. Nf3 Nf6 4. g3 dxc4 5. Bg2 g6 6. 0-0 Bg7 7. a4 Ne4 8. Qc2 Nd6 9. e4 0-0 10. Rd1 Na6 11. Na3 Nb4 12. Qe2 Bg4 13. Nxc4 a5 14. Nce5 Be6 15. Bf4 Qb6 16. Ng5 Bc8 17. Bf1 h6 18. Ngf3 g5 19. Bc1 c5 20. h4 gxh4 21. Nxh4 cxd4 22. Bf4 Be6 23. Re1 Rac8 24. Qh5 Ne8 25. Ng4 Bxg4 26. Qxg4 Nf6 27. Qh3 e6 28. Nf3 Nc2 29. e5 Nh7 30. Bxh6 Bxh6 31. Qxh6 f5 32. exf6 Rxf6 33. Qh4 Nxa1 34. Bd3 Rf7 35. Qh6 Qb3 36. Ne5 Nf8 37. Nxf7 Qxd3 38. Nd6 Rc7 39. Rxa1 Qf3 40. Ne8 Rf7 41. Rf1 d3 42. Qg5+ Kh8 43. b3 Nd7 44. Qd8 Nf8 45. Qd4+ Kg8 46. Qd8 d2 47. Qxd2 Rd7 48. Qh6 Kf7 49. Ng7 Rd5 50. Rc1 1/2-1/2

[Event "GER GM05-B email"]
[Site "GER email"]
[Date "2016.06.26"]
[Round "?"]
[White "Pappier, Carlos Guillermo"]
[Black "Siikaluoma, Auno"]
[Result "1/2-1/2"]
[WhiteElo "2512"]
[BlackElo "2534"]
[PlyCount "58"]
[EventDate "2016.??.??"]
[EventType "tourn (corr)"]
[EventRounds "13"]
[EventCountry "GER"]
[SourceTitle "Corr 2017"]
[Source "ChessBase"]
[SourceDate "2017.09.19"]
[SourceVersion "1"]
[SourceVersionDate "2017.09.19"]
[SourceQuality "1"]

1. d4 d5 2. c4 c6 3. Nf3 Nf6 4. Nc3 a6 5. e3 Bf5 6. Bd2 e6 7. Qb3 Ra7 8. Nh4 Be4 9. cxd5 cxd5 10. f3 Bg6 11. Nxg6 hxg6 12. 0-0-0 b5 13. Kb1 Be7 14. Bd3 Nbd7 15. h4 Nb6 16. g4 Nc4 17. Bxc4 bxc4 18. Qc2 Rb7 19. Rh3 Qc7 20. Rdh1 0-0 21. Ka1 Rfb8 22. Na4 Qc6 23. Bc3 Bb4 24. Nc5 Rb5 25. R3h2 a5 26. h5 g5 27. Na4 R5b7 28. Qd1 Re7 29. Rf2 Nd7 1/2-1/2

[Event "GER GM05-B email"]
[Site "GER email"]
[Date "2016.06.26"]
[Round "?"]
[White "Siikaluoma, Auno"]
[Black "Firnhaber, Ingo"]
[Result "1/2-1/2"]
[WhiteElo "2534"]
[BlackElo "2510"]
[PlyCount "49"]
[EventDate "2016.??.??"]
[EventType "tourn (corr)"]
[EventRounds "13"]
[EventCountry "GER"]
[SourceTitle "Corr 2017"]
[Source "ChessBase"]
[SourceDate "2017.09.19"]
[SourceVersion "1"]
[SourceVersionDate "2017.09.19"]
[SourceQuality "1"]

1. e4 c5 2. Nf3 d6 3. d4 cxd4 4. Nxd4 Nf6 5. Nc3 a6 6. f3 e5 7. Nb3 Be6 8. Be3 Be7 9. Qd2 0-0 10. 0-0-0 b5 11. Nd5 Nxd5 12. exd5 Bd7 13. f4 Bg4 14. Re1 Qc7 15. Kb1 Nd7 16. Na5 exf4 17. Bxf4 Ne5 18. Bxe5 dxe5 19. Nc6 Bd6 20. h3 Bd7 21. g4 Rae8 22. Bg2 f5 23. gxf5 Bxf5 24. Be4 Bxe4 25. Rxe4 1/2-1/2

[Event "GER GM05-B email"]
[Site "GER email"]
[Date "2016.06.26"]
[Round "?"]
[White "Siikaluoma, Auno"]
[Black "Williamson, Harvey D"]
[Result "1/2-1/2"]
[WhiteElo "2534"]
[BlackElo "2537"]
[PlyCount "84"]
[EventDate "2016.??.??"]
[EventType "tourn (corr)"]
[EventRounds "13"]
[EventCountry "GER"]
[SourceTitle "Corr 2017"]
[Source "ChessBase"]
[SourceDate "2017.09.19"]
[SourceVersion "1"]
[SourceVersionDate "2017.09.19"]
[SourceQuality "1"]

1. c4 f5 2. Nf3 Nf6 3. g3 d6 4. d4 g6 5. Bg2 Bg7 6. Nc3 0-0 7. 0-0 c6 8. Rb1 Ne4 9. Qc2 Qe8 10. b4 Nxc3 11. Qxc3 Nd7 12. c5 Nf6 13. Qb3+ Kh8 14. a4 a6 15. Ng5 e5 16. cxd6 e4 17. h4 h6 18. Nh3 Be6 19. Qb2 Nd5 20. Nf4 Nb6 21. Qc2 Bf7 22. a5 Nc8 23. Qc5 Qd8 24. d5 Nxd6 25. Ne6 Bxe6 26. dxe6 Re8 27. Bf4 Rxe6 28. Rbd1 Bf8 29. h5 Qf6 30. hxg6 Rae8 31. Bh3 Kg7 32. Qa7 Qxg6 33. e3 Rf6 34. Bxd6 Bxd6 35. Qxb7+ Kh8 36. Qxa6 f4 37. exf4 e3 38. Qe2 Bxf4 39. Kh1 Bd6 40. fxe3 Qxg3 41. Qg2 Rxf1+ 42. Rxf1 Qxe3 1/2-1/2

[Event "GER GM04-A email"]
[Site "GER email"]
[Date "2015.06.25"]
[Round "?"]
[White "Siikaluoma, Auno"]
[Black "Daubenfeld, Nico"]
[Result "1/2-1/2"]
[WhiteElo "2537"]
[BlackElo "2532"]
[PlyCount "55"]
[EventDate "2015.??.??"]
[EventType "tourn (corr)"]
[EventRounds "10"]
[EventCountry "GER"]
[SourceTitle "Corr 2017"]
[Source "ChessBase"]
[SourceDate "2017.09.19"]
[SourceVersion "1"]
[SourceVersionDate "2017.09.19"]
[SourceQuality "1"]

1. e4 c5 2. Nf3 d6 3. d4 cxd4 4. Nxd4 Nf6 5. Nc3 a6 6. Be3 e5 7. Nb3 Be6 8. h3 Be7 9. Qf3 0-0 10. g4 a5 11. Bb5 Na6 12. 0-0-0 Nc7 13. Bb6 Nd7 14. Bxc7 Qxc7 15. a4 Rfc8 16. Kb1 Nb6 17. Qd3 Bc4 18. Bxc4 Qxc4 19. Qxc4 Rxc4 20. f3 Kf8 21. Rd3 Nxa4 22. Nxa4 Rxa4 23. Rd5 b6 24. Nd2 Rd4 25. Rxd4 exd4 26. Nc4 Rb8 27. Rd1 d5 28. exd5 1/2-1/2

[Event "GER GM04-A email"]
[Site "GER email"]
[Date "2015.06.25"]
[Round "?"]
[White "Vinchev, Simeon Stefanov"]
[Black "Siikaluoma, Auno"]
[Result "1/2-1/2"]
[WhiteElo "2465"]
[BlackElo "2537"]
[PlyCount "34"]
[EventDate "2015.??.??"]
[EventType "tourn (corr)"]
[EventRounds "10"]
[EventCountry "GER"]
[SourceTitle "Corr 2017"]
[Source "ChessBase"]
[SourceDate "2017.09.19"]
[SourceVersion "1"]
[SourceVersionDate "2017.09.19"]
[SourceQuality "1"]

1. d4 d5 2. c4 c6 3. Nf3 Nf6 4. Nc3 a6 5. g3 dxc4 6. a4 e6 7. Bg2 c5 8. dxc5 Qxd1+ 9. Nxd1 Bd7 10. Ne5 Bc6 11. Nxc6 Nxc6 12. Bd2 Bxc5 13. Rc1 Nd5 14. Rxc4 Bb4 15. Nc3 Bxc3 16. Bxc3 Nxc3 17. bxc3 Kd7 1/2-1/2